[Event "HUN-chT1 Charousek 2223"]
[Site "Hungary"]
[Date "2023.03.26"]
[Round "8.8"]
[White "Czupor, Attila"]
[Black "Marton, Jozsef"]
[Result "1/2-1/2"]
[WhiteElo "2210"]
[BlackElo "2032"]
[PlyCount "29"]
[EventDate "2022.11.20"]
[EventType "team-tourn"]
[EventRounds "9"]
[EventCountry "HUN"]
[SourceTitle "EXT 2025"]
[Source "ChessBase"]
[SourceDate "2024.10.14"]
[SourceVersion "1"]
[SourceVersionDate "2024.10.14"]
[SourceQuality "1"]
[WhiteTeam "Haladas II"]
[BlackTeam "Tapolca VSE"]
[WhiteTeamCountry "HUN"]
[BlackTeamCountry "HUN"]

1. e4 c5 2. Nf3 e6 3. d4 cxd4 4. Nxd4 Nf6 5. Bd3 Nc6 6. Nxc6 dxc6 7. 0-0 e5 8. Qe2 Bc5 9. h3 Be6 10. Be3 Qb6 11. Bxc5 Qxc5 12. Nd2 Rd8 13. Rfd1 0-0 14. Nf3 a5 15. a4 1/2-1/2

[Event "HUN-chT2 Charousek 1819"]
[Site "Hungary"]
[Date "2018.12.02"]
[Round "5.7"]
[White "Bartha, Sandor"]
[Black "Czupor, Attila"]
[Result "0-1"]
[WhiteElo "2033"]
[BlackElo "2203"]
[PlyCount "90"]
[EventDate "2018.09.23"]
[EventType "team-tourn"]
[EventRounds "11"]
[EventCountry "HUN"]
[SourceTitle "CBM 189 Extra"]
[Source "ChessBase"]
[SourceDate "2019.05.31"]
[SourceVersion "1"]
[SourceVersionDate "2019.05.31"]
[SourceQuality "1"]
[WhiteTeam "Balatonfuered"]
[BlackTeam "Haladas Szombathely II"]
[WhiteTeamCountry "HUN"]
[BlackTeamCountry "HUN"]

1. Nf3 d5 2. g3 Nf6 3. Bg2 c6 4. 0-0 Bg4 5. d4 Nbd7 6. b3 e6 7. Bb2 Bd6 8. Nbd2 Qc7 9. Re1 Bf5 10. c4 0-0 11. Nh4 Be4 12. Nxe4 dxe4 13. Qd2 h6 14. Bf1 Ng4 15. e3 f5 16. c5 Be7 17. Ng6 Rfe8 18. Bc4 Nf8 19. Nxe7+ Qxe7 20. Be2 Nh7 21. Kg2 Rad8 22. Qd1 Ngf6 23. h4 Nd5 24. Rh1 Nhf6 25. Qc1 Qf7 26. Bc3 Ng4 27. Bd2 Qh5 28. Kg1 e5 29. dxe5 Rxe5 30. b4 Re7 31. a4 Red7 32. Ra2 Qg6 33. b5 Kh8 34. a5 f4 35. h5 Qe6 36. Rb2 fxe3 37. fxe3 Rf7 38. Rh4 Nf2 39. Be1 Nh3+ 40. Kg2 Ng5 41. Bg4 Qe5 42. Bf2 Rdf8 43. a6 bxa6 44. bxc6 Nb4 45. c7 Qxc7 0-1

[Event "HUN-chT U18"]
[Site "Zalakaros"]
[Date "2018.07.27"]
[Round "3.2"]
[White "Czupor, Attila"]
[Black "Margl, Roland"]
[Result "0-1"]
[WhiteElo "2223"]
[BlackElo "2188"]
[PlyCount "128"]
[EventDate "2018.07.26"]
[EventType "team-swiss"]
[EventRounds "7"]
[EventCountry "HUN"]
[SourceTitle "CBM 185 Extra"]
[Source "ChessBase"]
[SourceDate "2018.07.29"]
[SourceVersion "1"]
[SourceVersionDate "2018.07.29"]
[SourceQuality "1"]
[WhiteTeam "Haladas"]
[BlackTeam "Tapolca"]
[WhiteTeamCountry "HUN"]
[BlackTeamCountry "HUN"]

1. e4 e6 2. d4 d5 3. Bd3 dxe4 4. Bxe4 Nf6 5. Bd3 c5 6. Nf3 Nc6 7. dxc5 Bxc5 8. 0-0 Nb4 9. Bb5+ Bd7 10. Bxd7+ Qxd7 11. Qe2 0-0 12. a3 Nc6 13. b4 Be7 14. Rd1 Qc7 15. Bb2 Rfd8 16. Nbd2 Rac8 17. c4 a5 18. b5 Nb8 19. Be5 Qb6 20. Nb3 Nbd7 21. Bc3 Qc7 22. Nxa5 Ra8 23. Bb4 Nc5 24. Qe5 Qb6 25. Rxd8+ Rxd8 26. Qe2 Ra8 27. Bxc5 Bxc5 28. Nb3 Rxa3 29. Rxa3 Bxa3 30. Qe3 Qxe3 31. fxe3 Ne4 32. Kf1 Nd6 33. Nfd2 b6 34. Ke2 e5 35. Kd3 f5 36. e4 g6 37. c5 Bxc5 38. Nxc5 bxc5 39. b6 Kf7 40. Nc4 fxe4+ 41. Kc3 Ke6 42. Na5 Kd7 43. Kd2 g5 44. g4 h6 45. h3 c4 46. Ke3 c3 47. Ke2 Nb5 48. Ke3 Nd4 49. Nc4 c2 50. Kd2 Kc6 51. Kc1 e3 52. Nxe3 Kxb6 53. Nc4+ Kc5 54. Nxe5 Kb4 55. Kb2 Kc5 56. Nf7 Kc4 57. Ne5+ Kd5 58. Nd3 Ke4 59. Kc3 Ke3 60. Nc1 Ne2+ 61. Nxe2 Kxe2 62. Kxc2 Kf3 63. Kd3 Kg3 64. Ke4 Kxh3 0-1

[Event "HUN-chT U18"]
[Site "Zalakaros"]
[Date "2018.07.27"]
[Round "4.1"]
[White "Juhasz, Agoston Botond"]
[Black "Czupor, Attila"]
[Result "1/2-1/2"]
[WhiteElo "2244"]
[BlackElo "2223"]
[PlyCount "35"]
[EventDate "2018.07.26"]
[EventType "team-swiss"]
[EventRounds "7"]
[EventCountry "HUN"]
[SourceTitle "CBM 185 Extra"]
[Source "ChessBase"]
[SourceDate "2018.07.29"]
[SourceVersion "1"]
[SourceVersionDate "2018.07.29"]
[SourceQuality "1"]
[WhiteTeam "Budapest MTK"]
[BlackTeam "Haladas"]
[WhiteTeamCountry "HUN"]
[BlackTeamCountry "HUN"]

1. e4 e5 2. Nf3 Nc6 3. Nc3 Nf6 4. d4 exd4 5. Nxd4 Bb4 6. Nxc6 bxc6 7. Bd3 0-0 8. 0-0 d5 9. exd5 cxd5 10. h3 c6 11. Qf3 Rb8 12. Bf4 Bd6 13. b3 Rb7 14. Ne2 Re7 15. Rad1 Bxf4 16. Nxf4 Qa5 17. a4 Rfe8 18. Nh5 1/2-1/2

[Event "HUN-ch U18"]
[Site "Balatonlelle"]
[Date "2018.06.25"]
[Round "6"]
[White "Udvardi, Zalan"]
[Black "Czupor, Attila"]
[Result "0-1"]
[WhiteElo "2286"]
[BlackElo "2211"]
[PlyCount "76"]
[EventDate "2018.06.21"]
[EventType "swiss"]
[EventRounds "9"]
[EventCountry "HUN"]
[SourceTitle "EXT 2019"]
[Source "ChessBase"]
[SourceDate "2018.10.10"]
[SourceVersion "1"]
[SourceVersionDate "2018.10.10"]
[SourceQuality "1"]

1. e4 e5 2. Nf3 Nc6 3. Bc4 Nf6 4. d4 exd4 5. e5 Ng4 6. 0-0 d6 7. exd6 Qxd6 8. h3 Nh6 9. Re1+ Be7 10. Nbd2 Bf5 11. Ne4 Qg6 12. Bd3 0-0-0 13. Bf4 Rhe8 14. a3 Bf6 15. Nxf6 Rxe1+ 16. Qxe1 Bxd3 17. cxd3 gxf6 18. Rc1 Nf5 19. b4 Nd6 20. Bxd6 Rxd6 21. b5 Nd8 22. Qa5 Ne6 23. Qxa7 Nf4 24. Nh4 Qxd3 25. Re1 Ne2+ 26. Kh2 Qxb5 27. Qa8+ Kd7 28. Qf8 Qe5+ 29. f4 Qxf4+ 30. Kh1 d3 31. Qxf7+ Kc8 32. Nf3 Rd8 33. Rd1 Nc3 34. Rd2 Ne4 35. Qe6+ Kb8 36. Qe7 Rc8 37. Qb4 c5 38. Qb2 Nxd2 0-1

[Event "HUN-ch U18"]
[Site "Balatonlelle"]
[Date "2018.06.24"]
[Round "4"]
[White "Papp, Levente"]
[Black "Czupor, Attila"]
[Result "1-0"]
[WhiteElo "2196"]
[BlackElo "2211"]
[PlyCount "53"]
[EventDate "2018.06.21"]
[EventType "swiss"]
[EventRounds "9"]
[EventCountry "HUN"]
[SourceTitle "EXT 2019"]
[Source "ChessBase"]
[SourceDate "2018.10.10"]
[SourceVersion "1"]
[SourceVersionDate "2018.10.10"]
[SourceQuality "1"]

1. c4 e5 2. g3 h5 3. Bg2 h4 4. g4 Nc6 5. h3 Bc5 6. Nc3 Nh6 7. d3 f5 8. gxf5 Nxf5 9. Be4 d6 10. Nf3 Ncd4 11. e3 Nxf3+ 12. Qxf3 Qd7 13. d4 exd4 14. exd4 Bxd4 15. Bf4 Qf7 16. 0-0-0 0-0 17. Rhg1 c5 18. Nd5 Be6 19. Rg5 Ne7 20. Rh5 g6 21. Nxe7+ Qxe7 22. Bxg6 Qf6 23. Bh7+ Kf7 24. Rh6 Bxb2+ 25. Kb1 Bf5+ 26. Bxf5 Qxf5+ 27. Kxb2 1-0

[Event "Zalakaros op 37th"]
[Site "Zalakaros"]
[Date "2018.05.26"]
[Round "2"]
[White "Czupor, Attila"]
[Black "Balogh, Marton"]
[Result "1/2-1/2"]
[WhiteElo "2209"]
[BlackElo "1858"]
[PlyCount "69"]
[EventDate "2018.05.25"]
[EventType "swiss"]
[EventRounds "9"]
[EventCountry "HUN"]
[SourceTitle "EXT 2019"]
[Source "ChessBase"]
[SourceDate "2018.10.10"]
[SourceVersion "1"]
[SourceVersionDate "2018.10.10"]
[SourceQuality "1"]

1. e4 e6 2. d4 d5 3. Nd2 dxe4 4. Nxe4 Bd7 5. Nf3 Bc6 6. Bd3 Nd7 7. 0-0 Ngf6 8. Qe2 Be7 9. c3 0-0 10. Nxf6+ Bxf6 11. Ne5 Bxe5 12. dxe5 Nxe5 13. Bxh7+ Kxh7 14. Qh5+ Kg8 15. Qxe5 Qd6 16. Qh5 Qd5 17. Qh3 Rad8 18. Qg3 Rd7 19. b3 Qd3 20. Bf4 Qxg3 21. hxg3 Rfd8 22. c4 Be4 23. Rfc1 f6 24. b4 c6 25. a4 Rd3 26. Be3 a6 27. Bc5 Rb3 28. a5 Rdd3 29. Kh2 Kf7 30. Rd1 Rxd1 31. Rxd1 Rd3 32. Rc1 Rd2 33. g4 e5 34. Kg3 Ke6 35. Bf8 1/2-1/2

[Event "Zalakaros op 36th"]
[Site "Zalakaros"]
[Date "2017.05.25"]
[Round "8"]
[White "Czupor, Attila"]
[Black "Szalanczy, Emil"]
[Result "1-0"]
[WhiteElo "2230"]
[BlackElo "2230"]
[PlyCount "64"]
[EventDate "2017.05.18"]
[EventType "swiss"]
[EventRounds "9"]
[EventCountry "HUN"]
[SourceTitle "CBM 178 Extra"]
[Source "ChessBase"]
[SourceDate "2017.06.22"]
[SourceVersion "1"]
[SourceVersionDate "2017.06.22"]
[SourceQuality "1"]

1. e4 c5 2. Nf3 d6 3. d4 cxd4 4. Nxd4 Nf6 5. Nc3 g6 6. Be3 Bg7 7. f3 Nc6 8. Qd2 0-0 9. 0-0-0 Nxd4 10. Bxd4 Be6 11. Kb1 Rc8 12. g4 Nd7 13. Bxg7 Kxg7 14. Nd5 Ne5 15. Be2 Bxd5 16. exd5 Qb6 17. h4 f6 18. f4 Nf7 19. Bd3 Qd4 20. Qh2 Qa4 21. g5 f5 22. h5 Rh8 23. Rde1 Rce8 24. c4 Qa5 25. Qc2 Rhg8 26. Re6 Nd8 27. hxg6 hxg6 28. Rxg6+ Kxg6 29. Bxf5+ Kg7 30. Rh7+ Kf8 31. Qh2 Nf7 32. Rxf7+ Kxf7 1-0

[Event "HUN-chT2 Szechenyi 1617"]
[Site "Hungary"]
[Date "2016.09.25"]
[Round "1.1"]
[White "Margl, Roland"]
[Black "Czupor, Attila"]
[Result "1/2-1/2"]
[WhiteElo "2188"]
[BlackElo "2235"]
[PlyCount "25"]
[EventDate "2016.09.25"]
[EventType "team-tourn"]
[EventRounds "11"]
[EventCountry "HUN"]
[SourceTitle "EXT 2021"]
[Source "ChessBase"]
[SourceDate "2020.10.23"]
[SourceVersion "1"]
[SourceVersionDate "2020.10.23"]
[SourceQuality "1"]
[WhiteTeam "Papa"]
[BlackTeam "Haladas Szombathely III"]
[WhiteTeamCountry "HUN"]
[BlackTeamCountry "HUN"]

1. Nf3 d5 2. g3 Nf6 3. Bg2 Bg4 4. d4 e6 5. 0-0 Nbd7 6. Nbd2 Be7 7. Re1 0-0 8. e4 dxe4 9. Nxe4 Nxe4 10. Rxe4 Nf6 11. Re1 c6 12. c3 Qb6 13. Qb3 1/2-1/2

[Event "EU-ch U16 26th"]
[Site "Prague"]
[Date "2016.08.27"]
[Round "9.38"]
[White "Czupor, Attila"]
[Black "Mandic, Stefan"]
[Result "1-0"]
[WhiteElo "2303"]
[BlackElo "1868"]
[PlyCount "69"]
[EventDate "2016.08.18"]
[EventType "swiss"]
[EventRounds "9"]
[EventCountry "CZE"]
[SourceTitle "CBM 174 Extra"]
[Source "ChessBase"]
[SourceDate "2016.10.10"]
[SourceVersion "1"]
[SourceVersionDate "2016.10.10"]
[SourceQuality "1"]

1. e4 e5 2. Nf3 Nc6 3. Bb5 a6 4. Ba4 Nf6 5. 0-0 Be7 6. Re1 b5 7. Bb3 0-0 8. d4 d6 9. c3 Bg4 10. Be3 Na5 11. Bc2 Nc4 12. Bc1 c5 13. b3 Nb6 14. Nbd2 cxd4 15. cxd4 Qc7 16. Bb2 Rfc8 17. Rc1 Nbd7 18. h3 Bxf3 19. Nxf3 Qb8 20. Qd2 Ra7 21. Bb1 Rxc1 22. Rxc1 Rc7 23. Rc3 Qb7 24. Re3 exd4 25. Nxd4 Nc5 26. Nf5 Ncxe4 27. Qe1 d5 28. Nxe7+ Rxe7 29. f3 Qa7 30. fxe4 d4 31. Rd3 Rxe4 32. Qb4 a5 33. Bxd4 Qa8 34. Qd2 Nd5 35. Rg3 1-0

[Event "HUN-ch U16"]
[Site "Balatonlelle"]
[Date "2016.06.29"]
[Round "8"]
[White "Czupor, Attila"]
[Black "Margl, Roland"]
[Result "1/2-1/2"]
[WhiteElo "2135"]
[BlackElo "2096"]
[PlyCount "55"]
[EventDate "2016.06.24"]
[EventType "swiss"]
[EventRounds "9"]
[EventCountry "HUN"]
[SourceTitle "CBM 173 Extra"]
[Source "ChessBase"]
[SourceDate "2016.08.29"]
[SourceVersion "1"]
[SourceVersionDate "2016.08.29"]
[SourceQuality "1"]

1. e4 e6 2. d4 d5 3. Nc3 Nf6 4. Bd3 dxe4 5. Nxe4 Nbd7 6. Nf3 b6 7. Nxf6+ Nxf6 8. Ne5 Qd5 9. Be2 Bb7 10. Bf3 Qa5+ 11. c3 Bxf3 12. Qxf3 Qd5 13. Bg5 Qxf3 14. Nxf3 Nd5 15. 0-0-0 b5 16. Rhe1 f6 17. Bh4 Kf7 18. Bg3 Bd6 19. Re2 h5 20. Rde1 Rae8 21. Re4 g5 22. Bxd6 cxd6 23. g3 Re7 24. Nd2 Rc8 25. Kb1 a5 26. Rc1 Rec7 27. Rce1 Re7 28. Rc1 1/2-1/2